Telefonia mòbil (Registre núm. 62880)

MARC details
000 -LEADER
campo de control de longitud fija 00800akm a2200301a 44500
008 - DATOS DE LONGITUD FIJA--INFORMACIÓN GENERAL
campo de control de longitud fija 040329s2004 cat
017 ## - NÚMERO DE COPYRIGHT O DE DEPÓSITO LEGAL
Número de copyright o de depósito legal B-16268-2004
041 ## - CÓDIGO DE IDIOMA
Código de lengua del texto/banda sonora o título independiente cat
041 ## - CÓDIGO DE IDIOMA
Llengües tractades eng
041 ## - CÓDIGO DE IDIOMA
Llengües tractades spa
080 ## - NÚMERO DE LA CLASIFICACIÓN DECIMAL UNIVERSAL
Número de la Clasificación Decimal Universal 621.395(038)
110 ## - ENTRADA PRINCIPAL--NOMBRE DE ENTIDAD CORPORATIVA
Nombre de entidad corporativa o nombre de jurisdicción como elemento de entrada TERMCAT
9 (RLIN) 60609
245 ## - MENCIÓN DEL TÍTULO
Título Telefonia mòbil
Medio [tríptic]
Mención de responsabilidad, etc. TERMCAT, Centre de Terminologia
260 ## - PUBLICACIÓN, DISTRIBUCIÓN, ETC.
Lugar de publicación, distribución, etc. [Barcelona]
Nombre del editor, distribuidor, etc. TERMCAT, Centre de Terminologia
Fecha de publicación, distribución, etc. 2004
500 ## - NOTA GENERAL
Nota general Categoria gramatical, sinònims, remissions
500 ## - NOTA GENERAL
Publicació TERMCAT termcat
520 ## - RESUMEN, ETC.
Nombre de termes 73
591 ## - Codi de font
Codi de font 8526
592 ## - Tipus obra
Tipus d'obra Obra terminològica
593 ## - Codi CGAT
Codi de la CGAT LR
594 ## - Número de document
Número de document 8526
650 ## - PUNTO DE ACCESO ADICIONAL DE MATERIA--TÉRMINO DE MATERIA
Término de materia o nombre geográfico como elemento de entrada telefonia mòbil
9 (RLIN) 62522
901 ## - ELEMENTOS DE DATOS A LOCAL LDA (RLIN)
c DL <2004>
902 ## - ELEMENTOS DE DATOS B LOCAL, LDB (RLIN)
a 040329
942 ## - ELEMENTOS DE ENTRADA SECUNDARIOS (KOHA)
Tipo de ítem Koha Monografia
Suprimir en OPAC No
Fuente del sistema de clasificación o colocación Clasificación Decimal Dewey
Fons
Estatus retirado Estado de pérdida Estado de daño No para préstamo Biblioteca de origen Biblioteca actual Fecha de adquisición Total de préstamos Signatura topográfica completa Código de barras Visto por última vez Precio de reemplazo Tipo de ítem Koha
        TERMCAT TERMCAT 29/03/2004   LR Tríptics 11955 30/09/2021 30/09/2021 MO